000 00593nam a22001697a 4500
005 20251108173136.0
008 250721s2000 xx 000 0 ara d
082 1 4 _aط/001.942/عال
245 1 0 _aعالم المجهول : كل شيء عن المركبات الفضائيات الغربية و الأطباق الطائرة /
264 1 _aبيروت :
_bمؤسسة الإيمان،
_c2000.
300 _a32 ص.
650 1 7 _aالصحون الطائرة
650 1 7 _aالسفن الفضائية
653 _aناشئون كبار (15-18 سنة)
942 _2ddc
_cBK
999 _c97008
_d97008